000 00696nam a2200205Ia 4500
003 IN-BaIIA
008 211028s9999 xx 000 0 eng d
020 _a0147-2003
040 _cIIA Library
080 _a52(082.2)
_bSRC-3
245 0 _aProceedings of the southwest regional conference for astronomy and astrophysics held at Austin, Texas, May 23 1977; vol.
_cedited by Preston F Gott and Paul S Rihard
260 _aTexas
_bTexas Tech University
_c1977
300 _a196p.
650 _aAstronomy
_980
650 _aAstronomy and astrophysics thesaurus
650 _aAstrophysics
_9794
700 _aGott, Preston F., ed.
_914838
700 _aRihard, Paul S., ed. 
_914839
942 _cBK
999 _c8819
_d8819